| 000 | 00865cam a22002531 4500 | ||
|---|---|---|---|
| 001 | f 01001223 | ||
| 003 | DLC | ||
| 005 | 20260227111239.0 | ||
| 008 | 810403s1896 fr 000 0 fre | ||
| 010 | _af 01001223 | ||
| 035 | _a(OCoLC)7304576 | ||
| 040 |
_aDLC _cNNU _dDLC |
||
| 042 | _apremarc | ||
| 050 | 0 | 0 |
_aDC801.C7 _bB3 |
| 100 | 1 |
_aBazin, Arthur, _d1849- |
|
| 245 | 0 | 0 |
_aCompiègne pendant l'invasion espagnole. _cOuvrage publié sous les auspices de la Société historique de Compiègne. |
| 260 |
_aCompiègne, _bImprimerie H. Lefebvre, _c1896. |
||
| 300 |
_a2 p. leaves, 88 p. _bfront. _c26 cm. |
||
| 651 | 0 |
_aCompiègne _xHistory. |
|
| 651 | 0 |
_aFrance _xHistory _yLouis XIII, 1610-1643. |
|
| 651 | 0 |
_aFrance _xHistory _yLouis XIV, 1643-1715. |
|
| 651 | 0 |
_aSpain _xHistory _yHouse of Austria, 1516-1700. |
|
| 710 | 2 | _aSociété historique de Compiègne. | |
| 999 |
_c22554 _d22554 |
||